Animal Crossing Charaktere - Statistiken

Allgemein
  • Dieses Quiz wurde 399 mal gespielt
  • Das Durchschnittsergebnis liegt bei 5 aus 16
Antwortstatistiken
Bildquiz Antwort % Korrekt
Tom Nook
94%
Melinda
79%
Eugen
70%
Bienchen
36%
Gunnar
27%
Mona
27%
Martin
26%
Berry
25%
Bea
20%
Katharina
20%
Jan
19%
Zara
19%
Bianca
17%
Nele
17%
Anette
15%
Siggi
15%
Keine übereinstimmenden Quizze gefunden
Verteilung der Resultate
Anzahl Personen mit jedem Resultat
Perzentil nach korrekt beantworteten Fragen
Ihre Resultats-Entwicklung
Sie haben dieses Quiz noch nicht gespielt